Studies with three insect growth regulators and two insecticides on Aedes aegypti (L.) and aedes albopictus (S.) /
Saved in:
| Main Author: | |
|---|---|
| Format: | Thesis Book |
| Language: | English |
| Published: |
1980.
|
| Subjects: | |
| Tags: |
Add Tag
No Tags, Be the first to tag this record!
|
| LEADER | 01347cam a2200325 a 4500 | ||
|---|---|---|---|
| 001 | u144564 | ||
| 003 | SIRSI | ||
| 008 | 920305s1980 my bt 00 1 eng m | ||
| 035 | |a AAQ-8502 | ||
| 040 | |a UMM | ||
| 050 | 0 | 0 | |a RA640 |
| 090 | |a RA640 |b Cho | ||
| 091 | |a Microfiche 7359 | ||
| 100 | 1 | 0 | |a Chong, Eng Li. |
| 245 | 1 | 0 | |a Studies with three insect growth regulators and two insecticides on Aedes aegypti (L.) and aedes albopictus (S.) / |c Chong Eng Li. |
| 260 | |c 1980. | ||
| 300 | |a 127 leaves : |b ill. ; |c 28cm. | ||
| 500 | |a Microfiche (negative) 3 fiche. 11 x 15 cm. | ||
| 502 | |a Dissertation (M.Sc.) -- Fakulti Sains, Universiti Malaya, 1980. | ||
| 504 | |a Bibliography: leaves 106-127. | ||
| 650 | 0 | |a Aedes aegypti. | |
| 650 | 0 | |a Aedes albopictus. | |
| 650 | 0 | |a Mosquitoes |x Control. | |
| 650 | 0 | |a Insecticides. | |
| 948 | |a 09/03/1992 |b 24/06/2002 | ||
| 596 | |a 1 | ||
| 999 | |a RA640 CHO |w LC |c 1 |i A002920058 |d 22/7/2000 |l STACKS |m P01UTAMA |n 1 |r Y |s Y |t TESIS |u 9/3/1992 | ||
| 999 | |a MICROFICHE 7359 - FICHE 1 OF 3 |w LC |c 1 |i A517704223 |f 18/2/2022 |g 1 |l MIKROFICHE |m P01UTAMA |r Y |s Y |t MIKROFIS |u 18/2/2022 | ||
| 999 | |a MICROFICHE 7359 - FICHE 2 OF 3 |w LC |c 1 |i A517704237 |f 18/2/2022 |g 1 |l MIKROFICHE |m P01UTAMA |r Y |s Y |t MIKROFIS |u 18/2/2022 | ||
| 999 | |a MICROFICHE 7359 - FICHE 3 OF 3 |w LC |c 1 |i A517704245 |f 18/2/2022 |g 1 |l MIKROFICHE |m P01UTAMA |r Y |s Y |t MIKROFIS |u 18/2/2022 | ||
